[Event "SLO-ch U14 Girls"]
[Site "Murska Sobota"]
[Date "2007.03.02"]
[Round "9"]
[White "Gregoric, Urska"]
[Black "Hervolj, Manca"]
[Result "0-1"]
[WhiteElo "1611"]
[BlackElo "1500"]
[PlyCount "80"]
[EventDate "2007.02.25"]
[EventType "swiss"]
[EventRounds "9"]
[EventCountry "SLO"]
[SourceTitle "CBM 117 Extra"]
[Source "ChessBase"]
[SourceDate "2007.05.09"]
[SourceVersion "1"]
[SourceVersionDate "2007.05.09"]
[SourceQuality "1"]

1. e4 e5 2. Nf3 Nc6 3. Nc3 Bc5 4. Bb5 d6 5. h3 Bd7 6. d3 h6 7. 0-0 Nf6 8. Be3 Bb6 9. Nh2 0-0 10. Qf3 Nh7 11. Qg3 Qf6 12. Bxc6 Bxc6 13. Ng4 Qg6 14. Bxb6 axb6 15. f4 exf4 16. Qxf4 Qg5 17. Qg3 h5 18. Nf6+ gxf6 19. Qe1 Ra5 20. Rf3 Kh8 21. b4 Rg8 22. Qf2 Re5 23. d4 Ree8 24. Rf5 Qg3 25. Qxg3 Rxg3 26. Rf3 Rxf3 27. gxf3 Rg8+ 28. Kf2 Ng5 29. h4 Nh3+ 30. Ke3 Rg1 31. Rxg1 Nxg1 32. Kf2 Nh3+ 33. Kg3 Bd7 34. Ne2 Kg7 35. f4 Bg4 36. Nc3 c6 37. b5 c5 38. d5 Ng1 39. Na4 Ne2+ 40. Kf2 Nxf4 0-1

[Event "SLO-ch U14 Girls"]
[Site "Murska Sobota"]
[Date "2007.02.27"]
[Round "5"]
[White "Kolaric, Spela"]
[Black "Gregoric, Urska"]
[Result "1-0"]
[WhiteElo "1827"]
[BlackElo "1611"]
[PlyCount "107"]
[EventDate "2007.02.25"]
[EventType "swiss"]
[EventRounds "9"]
[EventCountry "SLO"]
[SourceTitle "CBM 117 Extra"]
[Source "ChessBase"]
[SourceDate "2007.05.09"]
[SourceVersion "1"]
[SourceVersionDate "2007.05.09"]
[SourceQuality "1"]

1. e4 e5 2. Nf3 Nc6 3. d4 exd4 4. Nxd4 Nf6 5. Nxc6 bxc6 6. Bd3 d5 7. exd5 cxd5 8. h3 Be7 9. 0-0 0-0 10. Bg5 c6 11. Nd2 Rb8 12. b3 Be6 13. Nf3 c5 14. Ne5 Qd6 15. Bf4 Rb6 16. Ng6 Qd7 17. Nxf8 Kxf8 18. Be2 d4 19. a4 Nd5 20. a5 Rb4 21. Bd2 Rb8 22. Bg4 Bxg4 23. Qxg4 Qxg4 24. hxg4 Nf6 25. f3 Rd8 26. Rfd1 a6 27. Kf2 Nd5 28. Ke2 Re8 29. Kd3 Bd6 30. Re1 Be5 31. Rab1 f6 32. Kc4 Nc3 33. Bxc3 dxc3 34. f4 Bd4 35. Rxe8+ Kxe8 36. Re1+ Kd7 37. Rd1 Kc6 38. Rxd4 cxd4 39. Kxd4 Kd6 40. Kxc3 Kc5 41. b4+ Kb5 42. Kb3 Kc6 43. c4 g6 44. Kc3 h6 45. Kd4 Kd6 46. b5 axb5 47. cxb5 Kc7 48. Kc5 Kb7 49. a6+ Ka7 50. b6+ Ka8 51. Kc6 Kb8 52. b7 f5 53. Kb6 fxg4 54. a7# 1-0

[Event "SLO-ch U14 Girls"]
[Site "Murska Sobota"]
[Date "2006.03.02"]
[Round "7"]
[White "Gregoric, Urska"]
[Black "Vombek, Sara"]
[Result "1-0"]
[WhiteElo "1610"]
[BlackElo "1822"]
[PlyCount "120"]
[EventDate "2006.02.26"]
[EventType "swiss"]
[EventRounds "9"]
[EventCountry "SLO"]
[SourceTitle "EXT 2009"]
[Source "ChessBase"]
[SourceDate "2008.11.26"]
[SourceVersion "1"]
[SourceVersionDate "2008.11.26"]
[SourceQuality "1"]

1. e4 c5 2. Nc3 d6 3. Nf3 Nc6 4. d3 g6 5. g3 Bg7 6. Bg2 e6 7. 0-0 Nge7 8. Be3 Nd4 9. Bxd4 cxd4 10. Ne2 e5 11. c3 dxc3 12. Nxc3 Nc6 13. Qb3 a6 14. Rfd1 0-0 15. a3 Rb8 16. Rd2 Be6 17. Qd1 Na5 18. Rb1 Bb3 19. Qe2 Bh6 20. Nd5 Bxd2 21. Qxd2 Bxd5 22. exd5 b5 23. b4 Nb7 24. Rc1 Rc8 25. d4 f6 26. Re1 Qb6 27. dxe5 fxe5 28. Ng5 Nd8 29. Ne4 Rc4 30. Rd1 Rd4 31. Qe2 Rxd1+ 32. Qxd1 Nf7 33. Nf6+ Kg7 34. Nd7 Qc7 35. Nxf8 Kxf8 36. Qd2 Qc4 37. Qb2 e4 38. Qb1 Qxd5 39. Bxe4 Qc4 40. Qd3 Kg7 41. Qxc4 bxc4 42. Kf1 c3 43. Ke2 Ne5 44. Bb7 a5 45. Bd5 axb4 46. axb4 Kf8 47. f4 Nd7 48. Kd3 Ke7 49. Kxc3 Nb6 50. Bb3 Kd7 51. b5 Kd8 52. g4 h6 53. h4 g5 54. fxg5 hxg5 55. h5 Ke7 56. h6 Kf6 57. h7 Kg7 58. Bc2 Nd5+ 59. Kd4 Nb6 60. Bg6 Kh8 1-0